Góp phần nghiên cứu thành phần hóa học vỏ trái măng cụt (Garcinia mangosttana L.), họ bứa (Clusiaceae) : Luận văn Thạc sĩ Hóa học. Chuyên ngành: Hóa hữu cơ

Nội dung luận văn giới thiệu tổng quan về Măng cụt, một số công trình nghiên cứu về Măng cụt, giới thiệu phương pháp DPPH, phương pháp thử hoạt tính kháng khuẩn, cách tiến hành chiết xuất và cô lập các chất từ vỏ trái Măng cụt,......

Полное описание

Сохранить в:
Библиографические подробности
Главный автор: Trần, Văn Quốc
Формат:
Язык:Undetermined
Опубликовано: Cần Thơ Trường Đại học Cần Thơ 2008
Предметы:
Метки: Добавить метку
Нет меток, Требуется 1-ая метка записи!
Thư viện lưu trữ: Trung tâm Học liệu Trường Đại học Cần Thơ
LEADER 01268nam a2200229Ia 4500
001 CTU_139516
008 210402s9999 xx 000 0 und d
082 |a 547 
082 |b Qu451 
088 |a 60440114 
100 |a Trần, Văn Quốc 
245 0 |a Góp phần nghiên cứu thành phần hóa học vỏ trái măng cụt (Garcinia mangosttana L.), họ bứa (Clusiaceae) : 
245 0 |b Luận văn Thạc sĩ Hóa học. Chuyên ngành: Hóa hữu cơ 
245 0 |c Trần Văn Quốc; Nguyễn Ngọc Hạnh (Giáo viên hướng dẫn) 
260 |a Cần Thơ 
260 |b Trường Đại học Cần Thơ 
260 |c 2008 
520 |a Nội dung luận văn giới thiệu tổng quan về Măng cụt, một số công trình nghiên cứu về Măng cụt, giới thiệu phương pháp DPPH, phương pháp thử hoạt tính kháng khuẩn, cách tiến hành chiết xuất và cô lập các chất từ vỏ trái Măng cụt,... 
650 |a Măng cụt,Hóa học hữu cơ,Mangosteen,Chemistry, Organic 
650 |x Macromolecules 
904 |i Năm 
980 |a Trung tâm Học liệu Trường Đại học Cần Thơ